Southville International School and Colleges
Your cart is empty.
  • Cart
  • Lists
    Public lists Eva Luna New books Lux_list list_1
    Your lists Log in to create your own lists
  • Log in to your account
  • Your cookies
  • Search history
Southville International School and Colleges
  • Advanced search
  • Recent comments
  • Most popular
  • Libraries

Log in to your account

Log in with GOOGLE


If you do not have an external account, but do have a local account, you can still log in:

  1. Home
  2. MARC view: The ideologies portrayed in selected films in the martial law era :
Normal view MARC view ISBD view

The ideologies portrayed in selected films in the martial law era : (Record no. 98857)

[ view plain ]
MARC details
000 -LEADER
fixed length control field 00916nam a2200217 a 4500
003 - CONTROL NUMBER IDENTIFIER
control field 0
005 - DATE AND TIME OF LATEST TRANSACTION
control field 20250210154755.0
008 - FIXED-LENGTH DATA ELEMENTS--GENERAL INFORMATION
fixed length control field 130126s19uu xx 00 eng d
050 ## - LIBRARY OF CONGRESS CALL NUMBER
Classification number PHS PN 1995.9.P6
Item number .D155 2012
100 ## - MAIN ENTRY--PERSONAL NAME
Personal name Damasco, Ida Bianca.
245 ## - TITLE STATEMENT
Title The ideologies portrayed in selected films in the martial law era :
Remainder of title the importance of film portraying the actual events of the Philippine society /
Statement of responsibility, etc Ida Bianca Damasco.
260 ## - PUBLICATION, DISTRIBUTION, ETC. (IMPRINT)
Place of publication, distribution, etc Las Piñas City, Philippines :
Name of publisher, distributor, etc Southville International School and Colleges,
Date of publication, distribution, etc 2012.
300 ## - PHYSICAL DESCRIPTION
Extent 23 pages :
Other physical details illustrations ;
Dimensions 28 cm.
504 ## - BIBLIOGRAPHY, ETC. NOTE
Bibliography, etc Includes bibliographical references.
650 ## - SUBJECT ADDED ENTRY--TOPICAL TERM
Topical term or geographic name as entry element Motion pictures
General subdivision Philippines.
650 ## - SUBJECT ADDED ENTRY--TOPICAL TERM
Topical term or geographic name as entry element Political films
Geographic subdivision Philippines.
650 ## - SUBJECT ADDED ENTRY--TOPICAL TERM
Topical term or geographic name as entry element Film and society
Geographic subdivision Philippines.
650 ## - SUBJECT ADDED ENTRY--TOPICAL TERM
Topical term or geographic name as entry element Propaganda in motion pictures
Geographic subdivision Philippines.
651 ## - SUBJECT ADDED ENTRY--GEOGRAPHIC NAME
Geographic name Philippines
General subdivision Politics and government
-- 1973-1986.
942 ## - ADDED ENTRY ELEMENTS (KOHA)
Source of classification or shelving scheme Library of Congress Classification
Koha item type PASS
Holdings
Withdrawn status Lost status Source of classification or shelving scheme Damaged status Home library Current library Shelving location Date acquired Source of acquisition Total Checkouts Full call number Barcode Date last seen Price effective from Koha item type
    Library of Congress Classification   Luxembourg Library Luxembourg Library Portfolio Assessment of SISC Students Section 01/26/2013 Donation   PHS PN 1995.9.P6 .D155 2012 P2958 11/19/2019 04/08/2014 PASS

The ideologies portrayed in selected films in the martial law era :

APA

Damasco I. B., . (2012). The ideologies portrayed in selected films in the martial law era. Las Piñas City, Philippines: Southville International School and Colleges.

Chicago

Damasco Ida Bianca, . 2012. The ideologies portrayed in selected films in the martial law era. Las Piñas City, Philippines: Southville International School and Colleges.

Harvard

Damasco I. B., . (2012). The ideologies portrayed in selected films in the martial law era. Las Piñas City, Philippines: Southville International School and Colleges.

MLA

Damasco Ida Bianca, . The ideologies portrayed in selected films in the martial law era. Las Piñas City, Philippines: Southville International School and Colleges. 2012.

  • Print
  • Cite
  • Add to your cart (remove)
  • Save record
    BIBTEX Dublin Core MARCXML MARC (non-Unicode/MARC-8) MARC (Unicode/UTF-8) MARC (Unicode/UTF-8, Standard) MODS (XML) RIS
  • More searches
    Search for this title in:
    Other Libraries (WorldCat) Other Databases (Google Scholar) Online Stores (Bookfinder.com) Open Library (openlibrary.org)

Exporting to Dublin Core...

SOUTHVILLE LIBRARY

Southville International School and Colleges Library

1281 Tropical Ave. Cor. Luxembourg St., BF Homes International, Las Pinas City

Tel. No. 8256374 / 252358 Loc. 117/146

Powered by Koha